000 01179nam a2200313 a 4500
003 CO-PeBPR
005 20260419091547.0
008 231129t2023 ck a br ||| 00| j spa d
020 _a9789586657884
040 0 _aCO-PeBPR
_bspa
_cCO-PeBPR
_erda
041 0 _hspa
082 0 4 _a(i) 577 R763s
100 1 _aRomero Mariño, Soledad
_eautora
_9279691
245 1 0 _aSúper poderes animales
_c/ Soledad Romero Mariño ; ilustraciones de Sonia Pulido ; traducción de Diana Novell
250 _aEdición especial
264 1 _aBogotá, Colombia
_b: Siglo del Hombre Editores
_c, 2023
300 _a55 páginas
_b: ilustraciones a color
_c; 30 centímetros
336 _atexto
_btxt
337 _asin mediación
_bn
_2rdamedia
338 _avolumen
_bnc
_2rdacarrier
521 1 _aRecomendado para un público infantil a partir de los 6 años
650 1 4 _2LEMB
_aÁlbumes infantiles españoles
_92651
650 1 4 _2LEMB
_aLiteratura infantil española
_9926
650 1 4 _2LEMB
_aAutoras españolas
_981764
650 1 4 _2LEMB
_aAnimales en la literatura
_9378
700 1 _aPulido, Sonia
_eilustradora
_9279692
700 1 _aNovell, Diana
_etraductora
_9279693
942 _2ddc
_cBKINF
999 _c17318
_d17318